000 00296nam a2200121Ia 4500
008 240731s9999 xx 000 0 und d
022 _a1600-0455
245 0 _aActa Radiologica
260 _bTaylor & Francis
856 _uhttps://www.tandfonline.com/loi/iard20
942 _2ddc
942 _cTFEJ
999 _c75149
_d75149
945 _a1
_bMadushi Gamage
_c1
_dMadushi Gamage